[Event "Vienna op-B 14th"]
[Site "Vienna"]
[Date "2003.08.24"]
[Round "9"]
[White "Neuman, Carlo"]
[Black "Wettl, Alfred"]
[Result "0-1"]
[WhiteElo "1968"]
[BlackElo "1859"]
[PlyCount "48"]
[EventDate "2003.08.16"]
[EventType "swiss"]
[EventRounds "9"]
[EventCountry "AUT"]
[SourceTitle "CBM 095 Extra"]
[Source "ChessBase"]
[SourceDate "2003.09.04"]
[SourceVersion "1"]
[SourceVersionDate "2003.09.04"]
[SourceQuality "1"]

1. d3 g6 2. g3 Bg7 3. Bg2 d6 4. e4 Nc6 5. Nh3 Bd7 6. f4 Nf6 7. c3 e5 8. 0-0 Qc8 9. Nf2 h5 10. h3 Nd8 11. d4 exf4 12. Bxf4 Ne6 13. Qd2 Ng8 14. Na3 f6 15. h4 Nh6 16. Rae1 Nf7 17. Nd3 0-0 18. e5 dxe5 19. dxe5 f5 20. Nb4 Rd8 21. Qe3 c6 22. Nc4 Qc7 23. Nd6 Bf8 24. Nxf7 Bc5 0-1

[Event "Vienna op-B 14th"]
[Site "Vienna"]
[Date "2003.08.22"]
[Round "7"]
[White "Wettl, Alfred"]
[Black "Schweinberger, Martin"]
[Result "1-0"]
[WhiteElo "1859"]
[BlackElo "1965"]
[PlyCount "81"]
[EventDate "2003.08.16"]
[EventType "swiss"]
[EventRounds "9"]
[EventCountry "AUT"]
[SourceTitle "CBM 095 Extra"]
[Source "ChessBase"]
[SourceDate "2003.09.04"]
[SourceVersion "1"]
[SourceVersionDate "2003.09.04"]
[SourceQuality "1"]

1. Nf3 Nf6 2. g3 g6 3. Bg2 Bg7 4. 0-0 0-0 5. d3 c5 6. Nbd2 Nc6 7. c3 d6 8. Re1 Bd7 9. Nf1 b5 10. e4 Rb8 11. d4 c4 12. N3d2 e6 13. e5 dxe5 14. dxe5 Nd5 15. f4 Qb6+ 16. Kh1 Nce7 17. Nf3 a5 18. Ne3 Bc6 19. Qe2 Rfc8 20. Bd2 Ba8 21. Rf1 Qc7 22. a3 Qc5 23. Rac1 h5 24. Nd1 Nf5 25. Bh3 Nde7 26. g4 hxg4 27. Bxg4 Kh7 28. Nf2 Rh8 29. Ne4 Bxe4 30. Qxe4 Kg8 31. Rg1 Qc7 32. Be1 Rd8 33. Nd4 Nxd4 34. cxd4 Qb6 35. Bf2 Rc8 36. Rc2 b4 37. d5 exd5 38. Bxb6 dxe4 39. Bxc8 Nxc8 40. Bxa5 bxa3 41. bxa3 1-0

[Event "Vienna op-B 14th"]
[Site "Vienna"]
[Date "2003.08.18"]
[Round "3"]
[White "Strubreiter, Markus"]
[Black "Wettl, Alfred"]
[Result "1-0"]
[WhiteElo "1920"]
[BlackElo "1859"]
[PlyCount "52"]
[EventDate "2003.08.16"]
[EventType "swiss"]
[EventRounds "9"]
[EventCountry "AUT"]
[SourceTitle "CBM 095 Extra"]
[Source "ChessBase"]
[SourceDate "2003.09.04"]
[SourceVersion "1"]
[SourceVersionDate "2003.09.04"]
[SourceQuality "1"]

1. e4 c5 2. Nf3 d6 3. d4 cxd4 4. Nxd4 Nf6 5. Nc3 a6 6. Bc4 e6 7. Bb3 Bd7 8. g4 Nc6 9. g5 Ng8 10. Be3 Be7 11. Rg1 Na5 12. Qe2 Nxb3 13. axb3 g6 14. f4 h6 15. h4 Rc8 16. 0-0-0 Qa5 17. Kb1 Bd8 18. h5 Ne7 19. hxg6 Nxg6 20. f5 Ne5 21. fxe6 Bc6 22. exf7+ Nxf7 23. g6 Ne5 24. g7 Rg8 25. Qh5+ Nf7 26. Qg6 Be7 1-0